LEADER 01368nam a2200277 4500 001 000000357775 003 CaOOAMICUS 005 20240327123955.0 008 240327s2013 it 000 u ita r 020 $a978-88-7198-648-7 040 $aSeMil$bita 100 1 $aMarchesini, Roberto,$d<1971- >.$0(OLS)http://semarc/name/109538 245 10$aOmosessualità e magistero della chiesa :$bcomprensione e speranza /$cRoberto Marchesini ; prefazione di Tony Anatrella ; in appendice: Con il papa contro l'omoeresia di don Dariusz Oko. 264 1$aMilano :$bSugarCo,$c2013. 300 $a204 p. ;$c20 cm 501 $aCon il papa contro l'omoeresia 650 4$aChiesa - Magistero - Omosessualità.$0(OLS)http://semarc/subject/55324 650 4$aOmosessualità - Atteggiamento [della] Chiesa cattolica.$0(OLS)http://semarc/subject/7370 700 1 $aAnatrella, Tony,$d<1941- >.$0(OLS)http://semarc/name/46827 700 1 $aOko, Dariusz.$0(OLS)http://semarc/name/119455 850 $aSeMil 852 $aSeMil$W1$xVenegono$y1$m2E I 491$j247083$B248942$CSeMilBibl$Z2$F248942 $81 996 $6020$a978-88-7198-648-7$9(OLS)http://semarc/number/300090 996 $6245$aOmosessualità e magistero della chiesa :$bcomprensione e speranza$9(OLS)http://semarc/title/448057 996 $6264$aMilano :$bSugarCo$9(OLS)http://semarc/publisher/30260 LEADER 01187nam a2200265 i 4500 001 000000084256 003 CaOOAMICUS 005 20171019000000.0 008 171019s1881 xx u000 u fre u 013 $a56496 040 $aSeMil$bita 100 1 $aBrachet, Auguste <1845-1898>.$0(OLS)http://semarc/name/92147 245 12$aL'Italie qu'on voit et l'Italie qu'on ne voit pas /$cAuguste Brachet. 250 $a2. éd. 260 $aParis :$bHetzel et C.,$c1881. 260 $aParis :$bHachette et C.,$c1881. 300 $aV, 110 p. ;$c24 cm. 650 4$aItalia e Francia - Relazioni culturali.$0(OLS)http://semarc/subject/39336 650 4$aItalia - Relazioni con la Francia - Sec. 19.$0(OLS)http://semarc/subject/45655 650 4$aFrancia - Relazioni con l'Italia - Sec. 19.$0(OLS)http://semarc/subject/45656 850 $aSeMil 852 $aSeMil$W1$xVenegono$y1$m3S III 133 FA$j48605$B48605$CSeMilBibl$Z2$F51855 $8I 996 $6245$aL'Italie qu'on voit et l'Italie qu'on ne voit pas$9(OLS)http://semarc/title/405541 996 $6260$aParis :$bHachette et C.$9(OLS)http://semarc/publisher/31563 996 $6260$aParis :$bHetzel et C.$9(OLS)http://semarc/publisher/32196